000 00467nam a2200217Ia 4500
003 IT-RoPAU
008 120407s9999 xx 000 0 und d
040 _aIT-RoPAU
040 _cIT-RoPAU
041 _aita
245 _aAndrzej Towianski: un riformatore polacco in Italia.
250 _aBologna
260 _aEDB
260 _c1970
300 _a188 p.
300 _c22 cm
490 _aI nostri profeti
490 _v13
942 _cBK
999 _c27780
_d27780